| 000 | 01483nam a22002535i 4500 | ||
|---|---|---|---|
| 001 | 162782 | ||
| 003 | ES-MaACL | ||
| 005 | 20250927105643.0 | ||
| 008 | 010314m18691870fr |||| | fre d | ||
| 040 |
_aCAM _bspa _cCAM |
||
| 100 | 1 |
_aQuérard, J.-M. _9131537 |
|
| 245 | 1 | 4 |
_aLes supercheries littéraires dévoilées _b: galerie des ecrivains française de toute l'Europe qui se sont déguisés sous des anagrammes, des astéronymes, des cryptonymes, des initialismes, des noms littéraires, des pseudonymes facétieux ou bizarres, etc. / _cpar J.-M. Quérard. |
| 250 | _a2e éd. considérablement augm. / publiée par Gustave Brunet et Pierre Jannet, suivie 1º du dictionnaire des ouvrages anonymes par Ant.-Alex. Barbier, troisieme édition, revue et augmentée par Olivier Barbier, 2º d'une table générale des noms réels des écrivains anonymes et pseudonymes cités dans les deux ouvrages. | ||
| 260 |
_aParis : _bPaul Daffis libraire-éditeur, _c1869-1870 ( _fImprimé chez Jules Bonaventure) |
||
| 300 |
_a3 v. (VII p., 1278; 1324; 1290 col.) ; _c24 cm. |
||
| 650 | 4 |
_aEscritores franceses. _9136025 |
|
| 650 | 4 |
_aFalsificaciones y supercherías literarias- _zFrancia. _9155694 |
|
| 700 | 1 | 1 |
_aBarbier, Antoine Alexandre. _925449 |
| 700 | 1 | 1 |
_aBarbier, Olivier. _925459 |
| 700 | 1 |
_aBrunet, Pierre-Gustave, _d1805-1896 _932158 |
|
| 700 | 1 |
_aJannet, Pierre, _d1820-1870 _9128271 |
|
| 852 |
_aES-MaACL _jB-4394-96 _z-- Enc. hol. |
||
| 999 |
_c162782 _d162782 |
||